| 000 | 00752 a2200217 4500 | ||
|---|---|---|---|
| 020 | _a0521563305 | ||
| 020 | _a9780521563307 | ||
| 082 | 0 | 4 | _a006.3 |
| 090 |
_c628 _d628 |
||
| 100 | 1 | _aPenrose, Roger. | |
| 245 | 1 | 4 |
_aThe large, the small and the human mind / _cRoger Penrose, Malcolm Longair, Abner Shimony, Nancy Cartwright, Stephen Hawking. |
| 250 | _a1ST ed. | ||
| 260 |
_a[S.l.] : _bCambridge University Press, _c1997. |
||
| 300 |
_a201 p. ; _c23 cm. |
||
| 700 | 1 | _aLongair, Malcolm. | |
| 700 | 1 | _aShimony, Abner. | |
| 700 | 1 | _aCartwright, Nancy. | |
| 700 | 1 | _aHawking, Stephen. | |
| 942 |
_aSNS _cBK _k006.3 PEN |
||
| 999 |
_c29258 _d29258 |
||